Discursos escogidos

محفوظ في:
التفاصيل البيبلوغرافية
المؤلف الرئيسي: Bachelet Jeria, Michelle (مؤلف)
التنسيق: كتاب
اللغة:الإسبانية
منشور في: Santiago Secretaría de Comunicaciones 2007
الموضوعات:
الوسوم: إضافة وسم
لا توجد وسوم, كن أول من يضع وسما على هذه التسجيلة!

MARC

LEADER 00000nam a2200000 a 4500
001 UCI4749
003 CL-VaPUC
008 080229e20071200CL |||||||||||||||||spa|d
082 0 4 |a 351.003  |b BAC  |2 21 
100 |a Bachelet Jeria, Michelle  |e author  |9 521059 
245 1 0 |a Discursos escogidos 
300 |a 506 p 
942 |c BK 
945 |d 20080229 00:00:00  |a jtorresc 
260 |a Santiago  |b Secretaría de Comunicaciones  |c 2007 
650 0 |a Política y gobierno  |9 255151 
650 0 |a Discursos políticos  |9 373524 
583 |a last modification  |c 20080229 00:00:00  |k Rodrigo Vera 
999 |c 328595  |d 328593 
952 |0 0  |1 0  |4 0  |6 351_003000000000000_BAC_2007  |7 0  |8 A  |9 412574  |a BIBHIS  |b BIBHIS  |d 2019-11-22  |i 4408683  |o 351.003 BAC 2007  |p 4408683  |r 2025-01-20  |w 2019-11-22  |y BK  |k HIS